书目信息 |
| 题名: |
舞蹈作品赏析
|
|
| 作者: | 公兰英 编著 | |
| 分册: | ||
| 出版信息: | 北京 光明日报出版社 2013 |
|
| 页数: | 179页 | |
| 开本: | 23cm | |
| 丛书名: | ||
| 单 册: | ||
| 中图分类: | J705.2 | |
| 科图分类: | ||
| 主题词: | 舞蹈艺术--鉴赏--中国 | |
| 电子资源: | ||
| ISBN: | 978-7-5112-4596-0 | |
| 000 | 00748nam0 2200229 450 | |
| 001 | 338181 | |
| 005 | 20150601150114.07 | |
| 010 | @a978-7-5112-4596-0@dCNY36.00 | |
| 100 | @a20131225d2013 em y0chiy50 ea | |
| 101 | 0 | @achi |
| 102 | @aCN@b110000 | |
| 105 | @ay z 000yy | |
| 106 | @ar | |
| 200 | 1 | @a舞蹈作品赏析@Awu dao zuo pin shang xi@f公兰英编著 |
| 210 | @a北京@c光明日报出版社@d2013 | |
| 215 | @a179页@d23cm | |
| 330 | @a本书内容包括: 舞蹈艺术基本理论、新中国各时期舞蹈作品的时代特征、中国民族民间舞蹈作品赏析、中国古典舞作品赏析、芭蕾舞作品赏析、现代舞赏析。 | |
| 606 | 0 | @a舞蹈艺术@x鉴赏@y中国 |
| 690 | @aJ705.2@v5 | |
| 701 | 0 | @a公兰英@Agong lan ying@c(舞蹈教学)@4编著 |
| 801 | 0 | @aCN@b卓展宏图@c20150525 |
| 905 | @dJ705.2@e135@f4 | |
| 舞蹈作品赏析/公兰英编著.-北京:光明日报出版社,2013 |
| 179页;23cm |
| ISBN 978-7-5112-4596-0:CNY36.00 |
| 本书内容包括: 舞蹈艺术基本理论、新中国各时期舞蹈作品的时代特征、中国民族民间舞蹈作品赏析、中国古典舞作品赏析、芭蕾舞作品赏析、现代舞赏析。 |
| ● |
| 相关链接 |
|
|
|
|
正题名:舞蹈作品赏析
索取号:J705.2/135
 
预约/预借
| 序号 | 登录号 | 条形码 | 馆藏地/架位号 | 状态 | 备注 |
| 1 | 861157 | 208611572 | 第一样本阅览室/ [索取号:J705.2/135] | 在馆 | |
| 2 | 861158 | 208611581 | 密集书库-音乐系/ [索取号:J705.2/135] | 在馆 | |
| 3 | 861159 | 208611590 | 第一借阅区/ [索取号:J705.2/135] | 在馆 | |
| 4 | 861160 | 208611607 | 第一借阅区/ [索取号:J705.2/135] | 在馆 |